Λόγος εισιτήριος εις την διδασκαλίαν της γενικής ιστορίας, εν τω Εθνικό Πανεπιστήμιω εκφωνηθείς τη 18 Μαρτίου 1887

Αποθηκεύτηκε σε:
Λεπτομέρειες βιβλιογραφικής εγγραφής
Κύριος συγγραφέας: Λάμπρος, Σπυρίδων Π., 1851-1919
Μορφή: Βιβλίο
Γλώσσα:Greek
Δημοσίευση: Εν Αθήναις : Εκ του τυπογραφείου Αλεξ. Παπαγεωργίου, 1887.
Θέματα:
Ετικέτες: Προσθήκη ετικέτας
Δεν υπάρχουν, Καταχωρήστε ετικέτα πρώτοι!

MARC

LEADER 00000nam a2200000 a 4500
001 1/107607
008 150721s1887####gr | ||| |||| ||gre||
040 |a GR-MyUa  |b gre  |c GR-MyUa  |e AACR2 
041 0 |a gre 
082 7 |a 938.1   |2 (23) 
100 1 |a Λάμπρος, Σπυρίδων Π.,   |d 1851-1919. 
245 1 0 |a Λόγος εισιτήριος εις την διδασκαλίαν της γενικής ιστορίας, εν τω Εθνικό Πανεπιστήμιω εκφωνηθείς τη 18 Μαρτίου 1887 /   |c υπό Σπυρίδωνος Π. Λάμπρου.  
260 |a Εν Αθήναις :   |b Εκ του τυπογραφείου Αλεξ. Παπαγεωργίου,   |c 1887.  
300 |a 23 σ. ;   |c 21 εκ.  
501 |a Δεμένο με : Λόγος εισιτήριος εις το μάθημα της ελληνικής ιστορίας εκφωνηθείς τηι 30 Μαρτίου 1878 / υπό Σπυρίδωνος Λάμπρου. Αθήνησιν : Εκ του Τυπογραφείου Ερμού, 1878. Δεμένα μαζί μετά τη δημοσίευσή τους.  
650 0 |a Lectures and lecturing. 
651 0 |a Greece  |x History  |x Sources. 
852 |a INST  |b SAMOS  |h 938.1 ΛΑΜ  |p *  |t BK 
920 |a Πορφυριάδα  |y Σάμος  |z 2010-12 
970 |a Γουβάλα  |b Βάσω  |z 21-07-2015